00398nam a2200169Ia 4500008004100000020001800041050001600059100001900075245002600094245002200120260001500142260001600157260000900173300001600182300002000198300001000218170918s9999 xx 000 0 und d a9781338032635 bC712un 2015 aCollins, Renee aUntil we meet again / cby Renee Collins. aNew York : bScholastic, c2015 a322 pages : billustrations ; c20cm.